Statistics for Guess The Location

Click here to take the quiz!

General Stats

  • This quiz has been taken 64 times
    (63 since last reset)
  • The average score is 10 of 12

Answer Stats

Answer% Correct
London
100%
New York
100%
Paris
100%
Rome
100%
China
98%
Egypt
85%
Moscow
85%
Athens
78%
Japan
77%
New York
77%
Arizona
40%
California
27%

Score Distribution

Percentile by Number Answered

Percent of People with Each Score

Your Score History

You have not taken this quiz since the last reset